Personal work / (Record no. 48103)
[ view plain ]
| 000 -LEADER | |
|---|---|
| fixed length control field | 00629cam a2200241K 4500 |
| 001 - CONTROL NUMBER | |
| control field | 3173553 |
| 008 - FIXED-LENGTH DATA ELEMENTS--GENERAL INFORMATION | |
| fixed length control field | 770809s1946 xx 000 0 eng d |
| 035 ## - SYSTEM CONTROL NUMBER | |
| System control number | 14287 |
| 040 ## - CATALOGING SOURCE | |
| Modifying agency | OKO |
| 049 ## - LOCAL HOLDINGS (OCLC) | |
| Holding library | OKOC |
| 100 1# - MAIN ENTRY--PERSONAL NAME | |
| Personal name | Ruoff, Percy O. |
| 245 10 - TITLE STATEMENT | |
| Title | Personal work / |
| Statement of responsibility, etc | Percy O. Ruoff. |
| 260 ## - PUBLICATION, DISTRIBUTION, ETC. (IMPRINT) | |
| Place of publication, distribution, etc | London : |
| Name of publisher, distributor, etc | The Inter-Varsity Fellowship, |
| Date of publication, distribution, etc | 1955. |
| 300 ## - PHYSICAL DESCRIPTION | |
| Extent | 96 p. ; |
| Dimensions | 18 cm. |
| 336 ## - CONTENT TYPE | |
| Content Type Term | text |
| 337 ## - MEDIA TYPE | |
| Media Type Term | unmediated |
| 338 ## - CARRIER TYPE | |
| Carrier Type Term | volume |
| 500 ## - GENERAL NOTE | |
| General note | "Reprinted 1947, 1948,...1966." |
| 650 #0 - SUBJECT ADDED ENTRY--TOPICAL TERM | |
| Topical term or geographic name as entry element | Evangelistic work. |
| 650 #0 - SUBJECT ADDED ENTRY--TOPICAL TERM | |
| Topical term or geographic name as entry element | Personal evangelism. |
| 650 #0 - SUBJECT ADDED ENTRY--TOPICAL TERM | |
| Topical term or geographic name as entry element | Witness bearing (Christianity) |
| 942 ## - ADDED ENTRY ELEMENTS (KOHA) | |
| Source of classification or shelving scheme | Library of Congress Classification |
| Item type | Books |
| Withdrawn status | Lost status | Source of classification or shelving scheme | Damaged status | Not for loan | Home library | Current library | Shelving location | Date acquired | Inventory number | Total Checkouts | Full call number | Barcode | Date last seen | Price effective from | Koha item type |
|---|---|---|---|---|---|---|---|---|---|---|---|---|---|---|---|
| Library of Congress Classification | BSOP Library | BSOP Library | GC | 09/20/2019 | 898 | BV4520 R87p | 00017689 | 09/20/2019 | 09/20/2019 | Books |
